NFL Football by Year, 2000–present - Statistics

General Stats
  • This quiz has been taken 27,844 times
    3,606 since last reset
  • The average score is 20 of 26
Answer Stats
Year Clue Answer % Correct
2021 QB who won an unprecedented seventh Super Bowl Tom Brady
98%
2024 "Unstoppable" short yardage play perfected by the Philadelphia Eagles {Tush} {push}
95%
2020 City which the Raiders left for the second time Oakland
94%
2019 QB who rushed for a record 1,206 yards Lamar Jackson
92%
2025 Defensive end who had 23 sacks, a single-season record Myles Garrett
92%
2023 The first white running back to lead the league in rushing since 1962 Christian McCaffrey
90%
2017 Second team in history to post an 0-16 record Cleveland Browns
90%
2013 QB who threw for a record for 5,477 yards and 55 touchdowns Peyton Manning
90%
2022 Rams receiver whose last minute catch earned him a Super Bowl MVP award Cooper Kupp
87%
2018 Rams tackle who won his second straight Defensive Player of the Year award Aaron Donald
86%
2016 Quarterback who caused a kerfluffle by refusing to stand for the national anthem Colin Kaepernick
86%
2007 Only team in history with a 16-0 regular season record New England Patriots
84%
2014 Outspoken cornerback who led the Seahawks to a 43-8 Super Bowl victory Richard Sherman
80%
2000 Nickname earned by the St. Louis Rams The Greatest Show on {Turf}
74%
2011 QB who retired for the third and final time Brett Favre
73%
2012 Defensive end who had one of the most dominant seasons ever, recording 20.5 sacks and 16 passes deflected J. J. Watt
70%
2015 Cornerback whose last minute interception secured a Super Bowl victory for the Patriots over the Seahawks Malcolm Butler
70%
2005 Brothers who were both All-Pro players Tiki and Ronde {Barber}
69%
2008 Briefly popular offensive formation where a running back receives the snap Wildcat
68%
2001 New York Giant who set the record for most sacks in a season (22.5) Michael Strahan
66%
2006 Player who rushed for a record 28 touchdowns LaDainian Tomlinson
65%
2002 Running back who broke Walter Payton's record for career rushing yards Emmitt Smith
63%
2010 For the first time since 1978, the Pro Bowl was NOT played in this state Hawaii
63%
2009 Quarterback whose name became a verb meaning "to drop to one knee with one's head on one's fist in a sign of religious devotion" Tim Tebow
56%
2004 Former player who died from friendly fire in Afghanistan Pat Tillman
53%
2003 USC quarterback selected with the #1 overall pick in the draft Carson Palmer
42%
No matching quizzes found
Score Distribution
Percent of People with Each Score
Percentile by Number Answered
Your Score History
You have not taken this quiz since the last reset